| 000 | 00733cam a22002055a 4500 | ||
|---|---|---|---|
| 001 | L150255 | ||
| 008 | 100616e20100612xxk 000 0 eng d | ||
| 035 | _a(Sirsi) u150255 | ||
| 041 | 0 | _aeng | |
| 100 | 1 | _aJackman, Sarah | |
| 245 | 0 | 2 | _aA war of attrition |
| 260 | _c2010 | ||
| 490 |
_aEstates Gazette _v(1023) 12 June 2010, 102-103(2) |
||
| 520 | _aReviews the success of the Building Better Partnership's green lease toolkit launched in 2009 to help owners and occupiers. See also L150252 and L150254. | ||
| 590 | _aKA | ||
| 651 | 4 |
_aUnited Kingdom _y |
|
| 690 | _aENVIRONMENT AND LAND CONSULTANCY-ENERGY-ENERGY USE-ENERGY EFFICIENCY | ||
| 690 | _aPROPERTY-COMMERCIAL PROPERTY-COMMERCIAL LANDLORD AND TENANT | ||
| 942 | _n0 | ||
| 999 |
_c82436 _d82436 |
||